1483 1350 1268 1998 1232 1460 1677 1940 1979 1997 1392 1468 1471 1786 1939 1904 1727 1007 1927 1292 1386 1900 1825 1909 1827 1362 1772 1275 1856 1397 1683 1217 1554 1405 1230 1639 1450 1680 1378 1077 1494 1423 1269 1508 1758 1921 1205 1852 1363 1240 1955 1209 1419 1680 1477 1001 1197 1236 1122 1593 1649 1321 1651 1614 1429 1607 1735 1789 1704 1951 1227 1151 1377 1892 1132 1379 1999 1635 1873 1664 1104 1686 1085 1994 1945 1971 1897 1597 1511 1773 1974 1423 1853 1622 1308 1028 1555 1252 1190 BCNSPRNW ULIB Ver.6.0+V

เปลี่ยนเป็นภาษาไทย

Change to English
 แสดงรายละเอียดบรรณานุกรม
  กลับหน้าหลัก

Brief Record : Get Marc (ISO 2709) : E-mail record : QR code < ปิดหน้าต่าง
LEADER : 00000nam 2200000uu 4500
001    13399112433
003     ULIB
008    110815s||||||||th 000 0 tha d
020    9746251228
040    cl
050  4 HF5734^bก781ก มปป.
100 0  เกษกานดา สุภาพจน์
245 10 การจัดสัมมนา /^cเกษกานดา สุภาพจน์
250    พิมพ์ครั้งที่ 1
260    กรุงเทพฯ :^bศูนย์ส่งเสริมวิชาการ,^cมปป.
300    198, [2] : ^bภาพประกอบ ;^c26 ซม.
650  4 การประชุม
945    ^p120^l0^i022107
945    ^p120^l0^i022108
995    ทศพร
999 ^a ทศพร
รายการนี้ยังไม่มีแท็ก
คุณยังไม่ได้ล็อกอิน คุณสามารถมีกิจกรรมร่วมกับเว็บไซต์ได้ แต่ต้องล็อกอินก่อน ::
  ล็อกอิน

รายการสื่อสารสนเทศ

ลำดับที่ ประเภท เลขเรียก/บาร์โค้ด สถานที่ สถานะ
- ไม่พบข้อมูล -

รายการใกล้เคียง
    ผู้แต่ง [เกษกานดา สุภาพจน์]

    หัวเรื่อง [การประชุม]

BibComment


ยังไม่เคยถูกคอมเมนท์

คอมเมนท์ทรัพยากรรายการนี้
  คอมเมนท์: การจัดสัมมนา เกษ..


 Copyright 2026. Bcnsprnw @Library